Utdanningsstatistikk Unniversiteter og ... 1. oktober 1977

Uložené v:
Podrobná bibliografia
Médium: Kniha
Jazyk:Norwegian
Vydavateľské údaje: Oslo Statistisk Sentralbyró 1978
Tagy: Pridať tag
Žiadne tagy, Buďte prvý, kto otaguje tento záznam!

MARC

LEADER 00000nam a2200000 4500
001 0222686
005 20240822101701.5
041 0 |a nor 
044 |a NO 
245 1 0 |a Utdanningsstatistikk  |b Unniversiteter og ... 1. oktober 1977 
264 1 |a Oslo  |b Statistisk Sentralbyró  |c 1978 
300 |a 144 s.